NBA Player of the Week Winners - Extreme - Statistics

General Stats
  • This quiz has been taken 8 times
  • The average score is 225 of 380
Answer Stats
Times Won Last Won Player % Correct
8 2010-11 Amar'e Stoudemire
100%
2 1995-96 Anfernee Hardaway
100%
5 2003-04 Ben Wallace
100%
2 2007-08 Brad Miller
100%
9 2014-15 Chris Bosh
100%
14 2021-22 Chris Paul
100%
1 1995-96 Clifford Robinson
100%
1 1979-80 Cliff Robinson
100%
11 1994-95 Clyde Drexler
100%
15 1997-98 David Robinson
100%
1 2008-09 David West
100%
2 1980-81 Dennis Johnson
100%
3 1985-86 Derek Smith
100%
5 2011-12 Derrick Rose
100%
1 2015-16 Draymond Green
100%
18 2011-12 Dwight Howard
100%
19 2015-16 Dwyane Wade
100%
2 1983-84 Eddie Johnson
100%
3 2001-02 Gary Payton
100%
5 2009-10 Gerald Wallace
100%
28 2025-26 Giannis Antetokounmpo
100%
3 2002-03 Glenn Robinson
100%
12 1996-97 Hakeem Olajuwon
100%
5 2016-17 Isaiah Thomas
100%
6 1988-89 Isiah Thomas
100%
3 2024-25 Jalen Green
100%
2 2025-26 Jalen Johnson
100%
2 2004-05 Jalen Rose
100%
27 2024-25 James Harden
100%
1 2021-22 Jarrett Allen
100%
7 2025-26 Jaylen Brown
100%
1 1991-92 Jeff Malone
100%
2 1993-94 Joe Dumars
100%
7 2013-14 Joe Johnson
100%
6 2000-01 John Stockton
100%
7 2016-17 John Wall
100%
2 2006-07 Josh Howard
100%
2 2012-13 Josh Smith
100%
1 2012-13 J.R. Smith
100%
1 1995-96 Juwan Howard
100%
7 1984-85 Kareem Abdul-Jabbar
100%
23 2001-02 Karl Malone
100%
1 1990-91 Kenny Smith
100%
20 2011-12 Kevin Garnett
100%
5 1996-97 Kevin Johnson
100%
33 2012-13 Kobe Bryant
100%
1 2001-02 Kurt Thomas
100%
15 1987-88 Larry Bird
100%
4 1994-95 Larry Johnson
100%
2 1986-87 Larry Smith
100%
70 2025-26 LeBron James
100%
18 1990-91 Magic Johnson
100%
3 2009-10 Manu Ginóbili
100%
2 2016-17 Marc Gasol
100%
1 1979-80 Marques Johnson
100%
25 2002-03 Michael Jordan
100%
2 1983-84 Mickey Johnson
100%
1 2005-06 Mike James
100%
7 1986-87 Moses Malone
100%
1 2012-13 Nate Robinson
100%
1 1993-94 Oliver Miller
100%
12 1996-97 Patrick Ewing
100%
7 2010-11 Pau Gasol
100%
17 2011-12 Paul Pierce
100%
2 2003-04 Peja Stojakovic
100%
1 2001-02 Rasheed Wallace
100%
7 2004-05 Ray Allen
100%
1 1983-84 Rickey Green
100%
1 1990-91 Ricky Pierce
100%
4 1988-89 Robert Parish
100%
1 1992-93 Rumeal Robinson
100%
20 2020-21 Russell Westbrook
100%
5 1996-97 Scottie Pippen
100%
5 1995-96 Shawn Kemp
100%
1 1997-98 Steve Smith
100%
6 1996-97 Tim Hardaway
100%
12 2007-08 Tracy McGrady
100%
11 2006-07 Vince Carter
100%
7 1986-87 Alex English
86%
23 2007-08 Allen Iverson
86%
6 1999-00 Alonzo Mourning
86%
4 2007-08 Andre Miller
86%
11 2024-25 Anthony Davis
86%
3 2025-26 Anthony Edwards
86%
2 2002-03 Antoine Walker
86%
1 1995-96 Arvydas Sabonis
86%
6 2007-08 Baron Davis
86%
6 2016-17 Blake Griffin
86%
1 2025-26 Brandon Miller
86%
3 1985-86 Buck Williams
86%
2 2025-26 Cade Cunningham
86%
1 1980-81 Caldwell Jones
86%
19 2019-20 Carmelo Anthony
86%
11 1996-97 Charles Barkley
86%
9 2002-03 Chris Webber
86%
2 2024-25 Coby White
86%
2 1996-97 Dale Ellis
86%
16 2022-23 Damian Lillard
86%
3 2024-25 Darius Garland
86%
4 2013-14 David Lee
86%
6 2024-25 De'Aaron Fox
86%
15 2023-24 DeMar DeRozan
86%
4 2014-15 Deron Williams
86%
2 2023-24 Derrick White
86%
10 2024-25 Devin Booker
86%
9 2003-04 Dikembe Mutombo
86%
16 2013-14 Dirk Nowitzki
86%
6 2024-25 Domantas Sabonis
86%
9 2025-26 Donovan Mitchell
86%
1 2001-02 Eddie Jones
86%
1 2016-17 George Hill
86%
6 2004-05 Grant Hill
86%
2 1982-83 Gus Williams
86%
1 1985-86 Herb Williams
86%
1 1986-87 Hot Rod Williams
86%
1 2025-26 Jalen Duren
86%
3 2023-24 Ja Morant
86%
17 2008-09 Jason Kidd
86%
1 1997-98 Jayson Williams
86%
2 2002-03 Jermaine O'Neal
86%
3 1986-87 Julius Erving
86%
11 2025-26 Kawhi Leonard
86%
8 2021-22 Kemba Walker
86%
33 2024-25 Kevin Durant
86%
3 2016-17 Kevin Love
86%
6 2019-20 Kyle Lowry
86%
5 2023-24 Kyrie Irving
86%
10 2017-18 LaMarcus Aldridge
86%
1 2025-26 LaMelo Ball
86%
3 2017-18 Lou Williams
86%
1 2013-14 Michael Carter-Williams
86%
2 1980-81 Mike Mitchell
86%
5 2013-14 Monta Ellis
86%
3 2014-15 Mo Williams
86%
20 2025-26 Nikola Jokić
86%
5 2022-23 Pascal Siakam
86%
11 2022-23 Paul George
86%
2 2003-04 Rashard Lewis
86%
1 1981-82 Ray Williams
86%
1 1991-92 Reggie Lewis
86%
3 2004-05 Reggie Miller
86%
2 2005-06 Richard Hamilton
86%
2 2021-22 Rudy Gobert
86%
20 2004-05 Shaquille O'Neal
86%
6 2005-06 Shawn Marion
86%
20 2023-24 Stephen Curry
86%
8 2006-07 Steve Nash
86%
23 2014-15 Tim Duncan
86%
8 2012-13 Tony Parker
86%
2 2023-24 Tyrese Haliburton
86%
1 1994-95 Vlade Divac
86%
1 2003-04 Voshon Lenard
86%
2 1982-83 Walter Davis
86%
6 2007-08 Yao Ming
86%
4 2014-15 Zach Randolph
86%
5 1985-86 Adrian Dantley
71%
7 2013-14 Al Jefferson
71%
2 2000-01 Antonio McDyess
71%
5 2009-10 Brandon Roy
71%
3 2015-16 Brook Lopez
71%
6 2010-11 Chauncey Billups
71%
1 2000-01 Cuttino Mobley
71%
1 1980-81 David Thompson
71%
6 2017-18 DeMarcus Cousins
71%
1 1991-92 Dennis Rodman
71%
9 1990-91 Dominique Wilkins
71%
4 1981-82 George Gervin
71%
1 1990-91 Gerald Wilkins
71%
7 2006-07 Gilbert Arenas
71%
4 1997-98 Glen Rice
71%
2 2007-08 Hedo Türkoglu
71%
9 2025-26 Jalen Brunson
71%
2 2025-26 Jaren Jackson Jr.
71%
13 2025-26 Jayson Tatum
71%
1 2002-03 Jerry Stackhouse
71%
1 1982-83 Joe Barry Carroll
71%
14 2023-24 Joel Embiid
71%
2 2022-23 Jrue Holiday
71%
3 2023-24 Julius Randle
71%
1 1980-81 Kenny Carr
71%
4 2015-16 Klay Thompson
71%
18 2025-26 Luka Dončić
71%
2 1984-85 Mark Aguirre
71%
1 1991-92 Mark Jackson
71%
2 2006-07 Michael Redd
71%
1 2022-23 Mikal Bridges
71%
1 2021-22 Miles Bridges
71%
2 1996-97 Mitch Richmond
71%
1 1981-82 Mychal Thompson
71%
1 2010-11 Rajon Rondo
71%
2 2015-16 Reggie Jackson
71%
3 2004-05 Richard Jefferson
71%
10 2025-26 Shai Gilgeous-Alexander
71%
2 2009-10 Stephen Jackson
71%
7 2004-05 Stephon Marbury
71%
2 2018-19 Thaddeus Young
71%
9 2024-25 Trae Young
71%
2 2025-26 Tyler Herro
71%
3 2025-26 Victor Wembanyama
71%
1 2024-25 Zach LaVine
71%
3 2014-15 Al Horford
57%
3 1989-90 Alvin Robertson
57%
5 2018-19 Andre Drummond
57%
2 2003-04 Andrei Kirilenko
57%
1 2009-10 Andrew Bogut
57%
1 2007-08 Antawn Jamison
57%
6 1990-91 Bernard King
57%
5 2025-26 Brandon Ingram
57%
1 1987-88 Byron Scott
57%
1 2006-07 Caron Butler
57%
4 1991-92 Chris Mullin
57%
1 2018-19 D'Angelo Russell
57%
1 2023-24 Dejounte Murray
57%
2 1995-96 Dennis Scott
57%
1 2000-01 Derek Anderson
57%
2 2008-09 Devin Harris
57%
5 2005-06 Elton Brand
57%
1 2025-26 Jamal Murray
57%
1 2004-05 Jason Terry
57%
2 2014-15 Jeff Teague
57%
6 2021-22 Jimmy Butler
57%
7 2021-22 Karl-Anthony Towns
57%
1 1993-94 Kenny Anderson
57%
1 2003-04 Kenyon Martin
57%
2 2010-11 Kevin Martin
57%
2 1993-94 Kevin Willis
57%
1 2002-03 Lucious Harris
57%
3 2003-04 Metta World Peace
57%
2 2005-06 Mike Bibby
57%
1 2018-19 Mike Conley
57%
1 1991-92 Mookie Blaylock
57%
3 1997-98 Nick Anderson
57%
1 2019-20 Norman Powell
57%
2 1997-98 Rik Smits
57%
3 2020-21 Tobias Harris
57%
4 2025-26 Tyrese Maxey
57%
1 2022-23 Zion Williamson
57%
3 2011-12 Andrew Bynum
43%
1 1982-83 Andrew Toney
43%
3 1982-83 Artis Gilmore
43%
4 2025-26 Bam Adebayo
43%
4 2008-09 Ben Gordon
43%
4 2020-21 Bradley Beal
43%
6 2012-13 Carlos Boozer
43%
1 2018-19 CJ McCollum
43%
1 2007-08 Danny Granger
43%
1 1991-92 Danny Manning
43%
1 1980-81 Elvin Hayes
43%
1 2024-25 Franz Wagner
43%
4 2017-18 Goran Dragic
43%
1 2016-17 Gordon Hayward
43%
1 2024-25 Harrison Barnes
43%
1 2025-26 Immanuel Quickley
43%
1 1994-95 Jamal Mashburn
43%
2 2008-09 Jameer Nelson
43%
1 2011-12 Jeremy Lin
43%
1 2017-18 Khris Middleton
43%
2 1990-91 Michael Adams
43%
3 2019-20 Nikola Vucevic
43%
2 2024-25 Paolo Banchero
43%
3 2018-19 Paul Millsap
43%
1 1983-84 Purvis Short
43%
1 1982-83 Reggie Theus
43%
3 2003-04 Sam Cassell
43%
2 2025-26 Scottie Barnes
43%
1 1996-97 Terry Mills
43%
3 1989-90 Tom Chambers
43%
4 2018-19 Victor Oladipo
43%
2 1988-89 Xavier McDaniel
43%
1 2003-04 Zydrunas Ilgauskas
43%
1 2002-03 Allan Houston
29%
3 2012-13 Brandon Jennings
29%
1 2004-05 Bruce Bowen
29%
2 2000-01 Darrell Armstrong
29%
1 2025-26 Dillon Brooks
29%
2 1987-88 Fat Lever
29%
1 2021-22 Fred VanVleet
29%
1 2005-06 Jamal Crawford
29%
1 2013-14 Jordan Crawford
29%
4 2023-24 Kristaps Porzingis
29%
1 2003-04 Lamar Odom
29%
1 2023-24 Lauri Markkanen
29%
1 2015-16 Marcin Gortat
29%
1 2013-14 Markieff Morris
29%
1 2006-07 Mehmet Okur
29%
2 2003-04 Michael Finley
29%
2 1980-81 Phil Ford
29%
1 1979-80 Rick Barry
29%
1 2001-02 Shareef Abdur-Rahim
29%
1 1985-86 Sidney Moncrief
29%
1 2025-26 Stephon Castle
29%
4 2002-03 Steve Francis
29%
2 1989-90 Terry Cummings
29%
1 2005-06 T.J. Ford
29%
2 2012-13 Ty Lawson
29%
1 1984-85 World B. Free
29%
1 2008-09 Al Harrington
14%
2 2024-25 Alperen Sengün
14%
3 2019-20 Ben Simmons
14%
1 1980-81 Billy Knight
14%
1 1987-88 Bob Hansen
14%
2 2020-21 Bojan Bogdanovic
14%
1 1991-92 Brad Daugherty
14%
1 1995-96 Chris Gatling
14%
2 2009-10 Chris Kaman
14%
1 1988-89 Chuck Person
14%
4 1983-84 Dan Roundfield
14%
1 1984-85 Darrell Griffith
14%
1 2022-23 Deandre Ayton
14%
1 2025-26 Deni Avdija
14%
1 1992-93 Dražen Petrovic
14%
1 2016-17 Hassan Whiteside
14%
2 1984-85 Jack Sikma
14%
3 2007-08 Jason Richardson
14%
3 1985-86 Jeff Ruland
14%
1 2015-16 J.J. Barea
14%
1 2019-20 Josh Richardson
14%
1 2012-13 Kenneth Faried
14%
1 2004-05 Larry Hughes
14%
5 1991-92 Larry Nance
14%
1 1990-91 Lionel Simmons
14%
2 2005-06 Marcus Camby
14%
1 1982-83 Maurice Lucas
14%
4 1984-85 Michael Ray Richardson
14%
1 2015-16 Nicolas Batum
14%
2 1990-91 Otis Thorpe
14%
1 2025-26 Peyton Watson
14%
1 2003-04 Quentin Richardson
14%
2 2009-10 Rodney Stuckey
14%
1 1981-82 Ron Brewer
14%
3 1993-94 Ron Harper
14%
1 2020-21 Saddiq Bey
14%
1 1990-91 Scott Skiles
14%
1 1984-85 Sleepy Floyd
14%
1 2019-20 Spencer Dinwiddie
14%
1 1979-80 Swen Nater
14%
2 1996-97 Terrell Brandon
14%
1 1989-90 Terry Teagle
14%
1 1980-81 Tiny Archibald
14%
1 1997-98 Wesley Person
14%
1 2000-01 Aaron McKie
0%
1 1995-96 Armen Gilliam
0%
2 1981-82 Billy Ray Bates
0%
1 2022-23 Bobby Portis
0%
3 1985-86 Calvin Natt
0%
2 1995-96 Cedric Ceballos
0%
1 2005-06 Chris Wilcox
0%
1 2019-20 Dennis Schröder
0%
1 2016-17 Dion Waiters
0%
1 2011-12 Drew Gooden
0%
1 1994-95 Elliot Perry
0%
1 2011-12 Ersan Ilyasova
0%
2 1981-82 Greg Ballard
0%
1 2012-13 Greivis Vásquez
0%
1 1987-88 Harold Pressley
0%
1 2003-04 Jamaal Magloire
0%
1 2013-14 Jared Sullinger
0%
1 1981-82 Jay Vincent
0%
1 1982-83 John Drew
0%
3 1983-84 Kelly Tripucka
0%
1 1979-80 Kevin Grevey
0%
2 1983-84 Kiki Vandeweghe
0%
1 1996-97 Loy Vaught
0%
1 1980-81 Mike Dunleavy
0%
1 1982-83 Mike Glenn
0%
1 1980-81 Mike Newlin
0%
1 2012-13 Nikola Pekovic
0%
1 1984-85 Orlando Woolridge
0%
1 1980-81 Otis Birdsong
0%
1 1991-92 Pervis Ellison
0%
1 1980-81 Robert Reid
0%
1 1994-95 Rod Strickland
0%
2 1992-93 Rony Seikaly
0%
1 1987-88 Roy Tarpley
0%
1 1979-80 Scott Wedman
0%
1 1992-93 Sean Elliott
0%
1 2020-21 Terry Rozier
0%
1 1980-81 Terry Tyler
0%
1 1984-85 Tom McMillen
0%
1 1989-90 Vern Fleming
0%
No matching quizzes found
Score Distribution
Percent of People with Each Score
Percentile by Number Answered
Your Score History
You have not taken this quiz